La La Land Songs - Statistics

General Stats
  • This quiz has been taken 257 times
  • The average score is 9 of 13
Answer Stats
Answer % Correct
City of Stars
94%
City of Stars (Humming)
94%
Another Day of Sun
92%
Someone in the crowd
90%
A Lovely Night
83%
Mia and Sebastian's Theme
74%
Audition (The Fools Who Dream)
73%
Start a Fire
60%
Planetarium
55%
Epilogue
53%
The End
37%
Herman's Habit
36%
Engagement Party
31%
No matching quizzes found
Score Distribution
Percent of People with Each Score
Percentile by Number Answered
Your Score History
You have not taken this quiz